000
00272nam a2200121Ia 4500
008
190216s9999||||xx |||||||||||||| ||und||
100
_a
Null
245
0
_a
Hindi-Char Vainjani Upanyas
260
_b
Poorna Pubs Kozhikode
300
_a
105
650
_a
Hindi
942
_c
BK
999
_c
15922
_d
15922